[Event "SRB-chT 1st League"]
[Site "Vrnjacka Banja"]
[Date "2006.10.27"]
[Round "9.4"]
[White "Misailovic, Nebojsa"]
[Black "Nikolic, Stanimir"]
[Result "0-1"]
[WhiteElo "2348"]
[BlackElo "2291"]
[PlyCount "64"]
[EventDate "2006.09.09"]
[EventType "team"]
[EventRounds "11"]
[EventCountry "SRB"]
[SourceTitle "EXT 2012"]
[Source "ChessBase"]
[SourceDate "2011.11.24"]
[SourceVersion "1"]
[SourceVersionDate "2011.11.24"]
[SourceQuality "1"]
[WhiteTeam "Sloboda Uzice"]
[BlackTeam "Pozarevac"]
[WhiteTeamCountry "SRB"]
[BlackTeamCountry "SRB"]

1. e4 e5 2. Nf3 Nc6 3. Bb5 Nf6 4. d3 d6 5. c3 Bd7 6. Nbd2 a6 7. Ba4 Be7 8. 0-0 0-0 9. Re1 b5 10. Bb3 Na5 11. Bc2 c5 12. Nf1 Nc6 13. Ng3 Rc8 14. h3 Re8 15. a4 h6 16. Bb3 Bf8 17. axb5 axb5 18. Nh4 Na5 19. Ba2 c4 20. Nhf5 Be6 21. d4 Kh7 22. d5 Bd7 23. Bd2 g6 24. Ne3 Nb7 25. Nc2 Nc5 26. Nb4 Ra8 27. Qc2 Qa5 28. Qd1 Bg7 29. Qe2 Ra7 30. Kh2 Qc7 31. Rad1 Nd3 32. Rg1 Nxb4 0-1

[Event "SRB-chT 1st League"]
[Site "Vrnjacka Banja"]
[Date "2006.09.23"]
[Round "3.6"]
[White "Nikolic, Stanimir"]
[Black "Ristic, Nenad"]
[Result "0-1"]
[WhiteElo "2291"]
[BlackElo "2441"]
[PlyCount "102"]
[EventDate "2006.09.09"]
[EventType "team"]
[EventRounds "11"]
[EventCountry "SRB"]
[SourceTitle "EXT 2012"]
[Source "ChessBase"]
[SourceDate "2011.11.24"]
[SourceVersion "1"]
[SourceVersionDate "2011.11.24"]
[SourceQuality "1"]
[WhiteTeam "Pozarevac"]
[BlackTeam "Smederevska Palanka Jasenica"]
[WhiteTeamCountry "SRB"]
[BlackTeamCountry "SRB"]

1. d4 Nf6 2. Nf3 g6 3. c4 Bg7 4. Nc3 d5 5. cxd5 Nxd5 6. Qb3 Nxc3 7. bxc3 0-0 8. e3 c5 9. Ba3 b6 10. Be2 Nc6 11. 0-0 Na5 12. Qc2 Qc7 13. Qe4 Bf5 14. Qh4 h6 15. Rfd1 Rfd8 16. Rac1 g5 17. Qh5 Qd7 18. dxc5 Qa4 19. Rxd8+ Rxd8 20. Bb4 bxc5 21. Bxa5 Qxa5 22. Bc4 e6 23. h4 Qa3 24. Rf1 Qxc3 25. hxg5 Qxc4 26. gxh6 Bf6 27. Ne5 Bxe5 28. Qg5+ Kh7 29. Qxd8 Bg6 30. f4 Bh8 31. Qc7 a6 32. Rf3 Qd5 33. Rf1 c4 34. Rc1 Qd2 35. Rxc4 Qxe3+ 36. Kh2 Bd4 37. Rc1 Qf2 38. Rc3 Bxc3 39. Qxc3 Qxf4+ 40. Kg1 Qxh6 41. a3 Qf4 42. Qh3+ Kg7 43. Qc3+ Qf6 44. Qc5 Qb2 45. a4 e5 46. Qc6 Qd4+ 47. Kh2 a5 48. Qb5 Qf4+ 49. Kg1 Qe3+ 50. Kh2 Bf5 51. Qd5 Qf4+ 0-1

[Event "Serbia-ch"]
[Site "Vrnjacka Banja"]
[Date "2006.02.02"]
[Round "5"]
[White "Mirkovic, Stevan"]
[Black "Nikolic, Stanimir"]
[Result "1-0"]
[WhiteElo "2191"]
[BlackElo "2306"]
[PlyCount "95"]
[EventDate "2006.01.30"]
[EventType "swiss"]
[EventRounds "9"]
[EventCountry "YUG"]
[SourceTitle "CBM 110 Extra"]
[Source "ChessBase"]
[SourceDate "2006.03.10"]
[SourceVersion "2"]
[SourceVersionDate "2006.03.10"]
[SourceQuality "1"]

1. Nf3 d5 2. d4 Nf6 3. c4 e6 4. Nc3 Be7 5. Bg5 c6 6. e3 0-0 7. Qc2 Nbd7 8. cxd5 exd5 9. Bd3 Re8 10. 0-0 h6 11. Bf4 Nh5 12. Nxd5 Nxf4 13. Nxf4 Bd6 14. Ne2 Nf8 15. Ng3 g6 16. Rfe1 Bg4 17. Nd2 h5 18. Nde4 Bc7 19. b4 h4 20. Nf1 h3 21. g3 Nh7 22. Nfd2 Kg7 23. f3 Bc8 24. b5 cxb5 25. Rac1 Re7 26. Bxb5 a6 27. Bf1 Qe8 28. Qc3 f5 29. Nf2 f4 30. gxf4 Bxf4 31. Nde4 Bc7 32. Bxh3 Qf7 33. Bxc8 Rxc8 34. d5+ Kh6 35. d6 Qxf3 36. dxc7 Rxe4 37. Nxe4 Qxe4 38. Qd4 Qe7 39. Qg4 Qe8 40. Qh4+ Kg7 41. Qd4+ Kh6 42. Rf1 Qe7 43. Rf3 Ng5 44. Rg3 Ne4 45. Rh3+ Kg5 46. Rc4 Qf6 47. Qxe4 Qa1+ 48. Kg2 1-0

[Event "Serbia-ch"]
[Site "Vrnjacka Banja"]
[Date "2006.01.31"]
[Round "2"]
[White "Nikolic, Stanimir"]
[Black "Arsovic, Goran"]
[Result "0-1"]
[WhiteElo "2306"]
[BlackElo "2450"]
[PlyCount "97"]
[EventDate "2006.01.30"]
[EventType "swiss"]
[EventRounds "9"]
[EventCountry "YUG"]
[SourceTitle "CBM 110 Extra"]
[Source "ChessBase"]
[SourceDate "2006.03.10"]
[SourceVersion "2"]
[SourceVersionDate "2006.03.10"]
[SourceQuality "1"]

1. d4 Nf6 2. Nf3 g6 3. c4 Bg7 4. Nc3 d6 5. e4 0-0 6. Be2 e5 7. 0-0 Na6 8. d5 Nc5 9. Nd2 a5 10. Rb1 Bh6 11. Nb3 Bxc1 12. Nxc5 Bh6 13. Nd3 Nd7 14. Kh1 f5 15. exf5 gxf5 16. f4 e4 17. Ne1 Nc5 18. Nc2 Bd7 19. Qd2 Qe7 20. Qe3 Kh8 21. Rf3 Rf6 22. Rh3 Rg8 23. Nd4 Qg7 24. Rg1 Rg6 25. g3 Bxf4 26. Qxf4 Qxd4 27. Rd1 Qf6 28. Rf1 Qe5 29. Rh4 Rg5 30. Qc1 c6 31. Rhf4 a4 32. Qd2 Be8 33. Nd1 cxd5 34. cxd5 Bh5 35. Ne3 Bg4 36. Nd1 e3 37. Nxe3 Ne4 38. Qd3 Bxe2 39. Qxe2 Rxg3 40. Nxf5 Qxf4 41. Nxg3 Nxg3+ 42. hxg3 Qxg3 43. Qh2 Qd3 44. Rg1 Qxd5+ 45. Rg2 Qd1+ 46. Rg1 Qf3+ 47. Rg2 Rxg2 48. Qxg2 Qxg2+ 49. Kxg2 0-1

[Event "SCG-chT 48th"]
[Site "Herceg Novi"]
[Date "2005.05.17"]
[Round "3"]
[White "Savicevic, Vlatko"]
[Black "Nikolic, Stanimir"]
[Result "0-1"]
[WhiteElo "2346"]
[BlackElo "2278"]
[PlyCount "133"]
[EventDate "2005.05.15"]
[EventType "team"]
[EventRounds "7"]
[EventCountry "YUG"]
[SourceTitle "CBM 106 Extra"]
[Source "ChessBase"]
[SourceDate "2005.07.01"]
[SourceVersion "1"]
[SourceVersionDate "2005.07.01"]
[SourceQuality "1"]

1. e4 d6 2. d4 Nf6 3. Nc3 Nbd7 4. Nf3 e5 5. a4 Be7 6. g3 0-0 7. Bg2 c6 8. 0-0 Qc7 9. Re1 Re8 10. h3 a5 11. b3 Nf8 12. Ba3 Ng6 13. Qd2 Be6 14. Ng5 Bd7 15. Rad1 Rad8 16. Bb2 Qc8 17. Kh2 h6 18. Nf3 Nh7 19. Nb1 Qc7 20. Na3 b5 21. Qd3 bxa4 22. bxa4 Be6 23. Nc4 exd4 24. Nxd4 Bxc4 25. Qxc4 Bf6 26. Ba1 Ne5 27. Qf1 Nd7 28. Qa6 Bxd4 29. Bxd4 Ng5 30. Bc3 Ra8 31. Qd3 Nc5 32. Qe2 Nge6 33. f4 Nd7 34. Qd2 Ndc5 35. Qxd6 Nxa4 36. Qxc7 Nxc7 37. Ba1 Rad8 38. e5 Nd5 39. Be4 Nc5 40. Bg2 Nb4 41. Bd4 Rxd4 42. Rxd4 Nxc2 43. Red1 Nxd4 44. Rxd4 Ne6 45. Ra4 c5 46. Rxa5 Rc8 47. Ra3 g6 48. Bd5 Rc7 49. Kg2 Nd4 50. g4 Rd7 51. Bc4 Kg7 52. Ra5 Rc7 53. Kf2 f6 54. e6 f5 55. g5 hxg5 56. fxg5 f4 57. Ra8 Re7 58. Ra6 Rb7 59. Rd6 Kf8 60. Bd5 Rc7 61. Ra6 c4 62. h4 c3 63. Ra1 c2 64. Rc1 Rh7 65. Be4 Rxh4 66. Kg2 Rg4+ 67. Kh2 0-1